Britain's wasting acres : land use in a changing society /

Bibliographic Details
Main Author: Moss, Graham
Format: Book
Language:English
Published: London : Architectural Press, 1981.
Subjects:

MARC

Tag First Indicator Second Indicator Subfields
LEADER 00000cam a2200000 a 4500
001 in00000089721
005 20151008065512.0
008 820325s1981 enka b 00110 eng
010 |a  81143491  
015 |a GB81-07990 
020 |a 0851390781 :  |c 13.50 
035 |a (OCoLC)08347806 
035 |9 AAK6062AM 
039 0 |a 2  |b 3  |c 3  |d 3  |e 3 
040 |a DLC  |c DLC  |d TXA  |d UtOrBLW 
043 |a e-uk--- 
049 |a TXAM  |c [1561474] 
050 0 0 |a HD596  |b .M67 
082 0 |a 333.73/13/0971  |2 19 
100 1 |a Moss, Graham. 
245 1 0 |a Britain's wasting acres :  |b land use in a changing society /  |c Graham Moss. 
264 1 |a London :  |b Architectural Press,  |c 1981. 
300 |a ix, 230 pages :  |b illustrations ;  |c 24 cm. 
336 |a text  |b txt  |2 rdacontent 
337 |a unmediated  |b n  |2 rdamedia 
338 |a volume  |b nc  |2 rdacarrier 
500 |a Includes index. 
504 |a Bibliography: pages 218-227. 
650 0 |a Land use  |z Great Britain. 
650 0 |a Soil conservation  |z Great Britain. 
999 |a MARS 
999 f f |s 61d75579-20a9-32c1-8bb2-ccf7facf77d9  |i 83c1f596-0033-3612-9e04-6a6ed5115d22  |t 0 
952 f f |p ric  |a Texas A&M University  |b Rellis Campus  |c Joint Library Facility  |d Remote Storage  |t 0  |e HD596 .M67  |h Library of Congress classification  |i unmediated -- volume  |m A14806125588 
998 f f |a HD596 .M67  |t 0  |l Remote Storage